01539nam a2200361Ia 4500001001200000003000800012006001900020007001500039008004100054010001700095020003100112020002800143040002100171035002100192050002400213100002800237245008500265260005900350300001500409490005000424504006600474533015200540600006800692600005000760600007300810650002700883650002900910655002900939710001700968830005100985856012601036999001501162ebr10273837CaPaEBRm u cr cn|||||||||081104s2009 enk sb 001 0 eng d z 2008047414 z9780754665519 (alk. paper) z0754665518 (alk. paper) aCaPaEBRcCaPaEBR a(OCoLC)64679371014aPR3001b.P63 2009eb1 aPlatt, Peter G.,d1961-10aShakespeare and the culture of paradoxh[electronic resource] /cPeter G. Platt. aFarnham, England ;aBurlington, VT :bAshgate,cc2009. aix, 251 p.1 aStudies in performance and early modern drama aIncludes bibliographical references (p. [207]-237) and index. aElectronic reproduction.bPalo Alto, Calif. :cebrary,d2011.nAvailable via World Wide Web.nAccess may be limited to ebrary affiliated libraries.10aShakespeare, William,d1564-1616xCriticism and interpretation.10aShakespeare, William,d1564-1616xPhilosophy.10aShakespeare, William,d1564-1616xKnowledgexContributions in logic. 0aParadox in literature. 0aPerspective (Philosophy) 7aElectronic books.2local2 aebrary, Inc. 0aStudies in performance and early modern drama.40uhttp://site.ebrary.com/lib/rucke/Doc?id=10273837zAn electronic book accessible through the World Wide Web; click to view c6420d6420